Normal view MARC view

Entry Personal Name

Number of records used in: 1

001 - CONTROL NUMBER

  • control field: 12812

003 - CONTROL NUMBER IDENTIFIER

  • control field: OSt

005 - DATE AND TIME OF LATEST TRANSACTION

  • control field: 20190815120722.0

008 - FIXED-LENGTH DATA ELEMENTS

  • fixed length control field: 190815|| aca||aabn | a|a d

040 ## - CATALOGING SOURCE

  • Original cataloging agency: OSt
  • Transcribing agency: OSt

100 ## - HEADING--PERSONAL NAME

  • Personal name: Edited by Verma,D.P.S;Shoemaker,R.C;

670 ## - SOURCE DATA FOUND

  • Source citation: Work cat.: (OSt): Edited by Verma,D.P.S;Shoemaker,R.C;, Soybean:Genetic,Molecular Biology and Biotechnology;, 1996.